Every Country of the British Empire - Map - Statistics

General Stats
  • This quiz has been taken 52 times
  • The average score is 120 of 156
Answers on the Map
Answers color-coded by a green-red scale on the quiz's map according to % correct below.
 
Answer Stats
Explanation/Dates Answer % Correct
New Albion (1579), Oregon Country (1818-1846), Thirteen Colonies (gradually 1585-1732), Rupert's Land (1670-1870), Florida (1763-1783), East Louisiana (1763-1783) United States/USA
100%
Newfoundland (1497-1931), New Brunswick (1784-1931), British Columbia (1871-1931), Hudson's Bay (1670-1931), Rupert's Land (1670-1850) Canada
97%
Hanover (Personal Union 1714-1837), Heligoland (1807-1890), British Zone (1945-1947), Bizone (1947-1948), Trizone (1948-1949), British Zone in Berlin (1945-1949) Germany
92%
Company Rule (1611-1757), Pondicherry (1761-1763, 1793-1814), Company colony (1757-1860), British Raj (1860-1947), Goa, Daman and Diu (1797-1798, 1799-1813), Andaman and Nicobar Islands (1858-1947) India
92%
Ireland (gradually from 1167-1549), Kingdom of Ireland (1549-1922), Treaty Ports (1922-1938) Ireland
92%
Svalbard (claimed, 1614-1931), Jan Mayen (1940-1945), Norway (1945) Norway
92%
England (495-1707), Scotland (c.439-1707), Wales (gradually 1067-1415), Northern Ireland (gradually 1167-1549) United Kingdom/UK
92%
Normandy (1066-1204), Angevin Empire (1154-1204), Calais (1347-1558), Dunkirk (1658-1662), Corsica (1794-1796, 1814), Northern France (1346-1453), France (de facto, 1422-1429), Brittany (1169-1206, 1212-1221, 1429-1453), Liberation (1917-1918, 1944-1945), Le Havre (1562-1563), Occupation Zone (1815-1818) France
89%
Iceland (1940-1941) Iceland
89%
Flushing (1585-1616), Brill (1585-1616), Liberation (1944-1945) Netherlands
89%
Protectorate (1879-1919) Afghanistan
86%
Operation Torch (1942-1943) Algeria
86%
Bengal (1699-1947) Bangladesh
86%
Tournai (1513-1519), Spanish Netherlands (1706-1713), Liberation (1917-1918, 1944-1945) Belgium
86%
British Honduras (1783-1971) Belize
86%
Santo Domingo (1586) Dominican Republic/DR
86%
Dual Control (1879-1882), Egypt (1882-1922), Occupation (1922-1952), Suez Canal (1954-1956) Egypt
86%
Military Administration (1941-1950) Eritrea
86%
Essquibo, Berbice and Demerara (1796-1802, 1803-1814), British Guiana (1814-1966) Guyana
86%
Bushehr (1838, 1856, 1915), Occupation (1941-1946) Iran
86%
Mandatory Iraq (1921-1932) Iraq
86%
Palestine (1920-1948) Israel
86%
Liberation (1943-1945), Sicily (1806-1815), Trieste Zone A (1947-1954), Sicily (1190-1191) Italy
86%
Transjordan (1921-1946) Jordan
86%
French Indochina (1945-1946) Laos
86%
French Syria (1941-1945) Lebanon
86%
Kufra District (1882-1919), Military Administration (1942-1951), Anglo-Egyptian Sudan (1882-1934) Libya
86%
Tangier (1661-1684), International Zone in Tangier (1925-1940, 1945-1956) Morocco
86%
Muscat and Oman (1891-1970), Khuriya Muriya Islands (1854-1967) Oman
86%
Entire country except Gwadar (1816-1947) Pakistan
86%
Transjordan (1921-1925), Hejaz Protectorate (1915-1927), Emirate of Kuwait (1899-1922), Mandatory Iraq (1921-1922) Saudi Arabia
86%
Oltre Guiba (1888-1925), Bajuni Islands (1888-1926), Military Occupation (1941-1950) Somalia
86%
Cape Colony (1796-1961), Natal (1843-1961), Boer Republics (1902-1961) South Africa
86%
Anglo-Egyptian Sudan (1882-1956) South Sudan
86%
Anglo Egyptian Sudan (1882-1956) Sudan
86%
French Syria (1941-1945) Syria
86%
Occupation (1945-1946) Thailand
86%
Operation Torch (1942-1943) Tunisia
86%
Trucial States (1820-1971) United Arab Emirates/UAE
86%
French Indochina (1945-1946), Con Son Island (1702-1705) Vietnam
86%
Aden (1839-1963), South Arabia (1962-1967), Federation of the Emirates of South Arabia (1959-1962), Protectorate (1872-1959) Yemen
86%
Australia Colony (graudally from 1788-1854, colony from 1788-1901), Australia
84%
Protectorate (1910-1947) Bhutan
84%
Bechuanaland (1885-1966) Botswana
84%
French Indochina (1945-1946) Cambodia
84%
British Cameroons (1916-1961) Cameroon
84%
Barotziland-North Western Rhodesia (1899-1905) Democratic Republic of the Congo/DRC
84%
Epirus (1854-1856), Ionian Islands (1809-1864), Parga (1814-1819), Rhodes (1945-1947) Greece
84%
Tortuga (1625-1629, 1630-1635, 1636-1638, 1640-1654, 1655-1664) Haiti
84%
Occupation (1945-1946), Ai Island (1608-1615), Bantam (1603-1682), Bencoolen (1685-1824), Dutch East Indies (1811-1816), Moluccas (1796-1801, 1810-1817) Indonesia
84%
Wituland (1890-1923), Kenya (1888-1963) Kenya
84%
French Madagascar (1943-1945) Madagascar
84%
Labuan (1846-1941, 1945-1963), Balambangan Island (1763-1941, 1945-1957), Sarawak (1888-1941, 1945-1957), North Borneo (1881-1941, 1945-1957), British Malaya (1824-1942, 1945-1957) Malaysia
84%
Burma (1885-1948) Myanmar
84%
New Zealand (1841-1907) New Zealand/NZ
84%
Varying border with Nigeria colony (1900-1910) Niger
84%
British Cameroons (1914-1960), Nigeria (gradually from 1827-1910, independence 1960) Nigeria
84%
British New Guinea (1884-1975), German New Guinea (1914-1975) Papua New Guinea/PNG
84%
Protectorate (1916-1971) Qatar
84%
Surinam (1650-1667), Dutch Suriname (1804-1814) Suriname
84%
Zanzibar (1896-1964), Tangamyika (1916-1961) Tanzania
84%
Constantinople (1918-1923), Turkey
84%
Barotziland-North Western Rhodesia Protectorate (1899-1905) Angola
81%
Azerbaijan Democratic Republic (1918-1920), First Republic of Armenia (1918-1920) Armenia
81%
Azerbaijan Democratic Republic (1918-1920) Azerbaijan
81%
Occupation (1918-1919) Bulgaria
81%
Military Occupation of Libya (Aouzou Strip, 1943-1951) Chad
81%
Cyprus (1191-1192, 1878-1964) Cyprus
81%
French Somaliland (1942-1945) Djibouti
81%
Ogaden (1941-1955) Ethiopia
81%
Democratic Republic of Georgia (1918-1920) Georgia
81%
Jamaica (1655-1962) Jamaica
81%
Transcaspian Occupation (1918-1919) Kazakhstan
81%
Emirate of Kuwait (1899-1961) Kuwait
81%
Basutoland (1884-1966) Lesotho
81%
Walvis Bay (1884-1966), South-West Africa (1915-1966) Namibia
81%
Protectorate (1816-1923) Nepal
81%
Mosquito Coast (1638-1787, 1800-1810, 1844-1860), Corinto (1895-1896) Nicaragua
81%
Occupation of Bulgaria (1918-1919) Romania
81%
Goree (1693, 1758), Senegal (1809-1816) Senegal
81%
Ceylon (1796-1948) Sri Lanka
81%
Bahamas (1648-1973) The Bahamas/Bahamas
81%
French Togoland (1914-1916) Togo
81%
Transcaspian Occupation (1918-1919) Turkmenistan
81%
Liberation (1944-1945), British Zone in Austria (1945-1955), British Zone in Vienna (1945-1955) Austria
78%
Protectorate (1820-1971) Bahrain
78%
Macau (1808), Hong Kong (1842-1997), Weiheiwai (1898-1930), Liugong (1930-1940), Tianjin (1860-1945), Hankou (1861-1927), Jiujiang (1861-1929), Zhenjiang (1861-1929), Shamian (1861-1945), Amoy (1852-1930), Dalian (1858-1860), Shanghai (1846-1863), Kulangsu (1903-1945), Beijing (1861-1945), Shanghai (1863-1945), Treaty Ports (1842-1945) China
78%
Danish Gold Coast (1850-1957), Dutch Gold Coast (1872-1957), British Togoland (1914-1957), Ashanti Empire (1901-1957), British Gold Coast (1821-1957) Ghana
78%
Mosquito Coast (1638-1787, 1800-1810, 1844-1860), Bay Islands (1830-1852) Honduras
78%
Nyasaland (1893-1964) Malawi
78%
Menorca (1708-1802) Spain
78%
Uganda (1888-1962) Uganda
78%
Transcaspian Occupation (1918-1919) Uzbekistan
78%
Northern Rhodesia (1888-1964) Zambia
78%
Southern Rhodesia (1888-1980) Zimbabwe
78%
Rio de Plata (1806) Argentina
76%
British Guiana (Pirara Dispute, 1831-1926), Martim Vaz (1700-1782) Brazil
76%
Providence Island (1630-1641), Cartagena (1586) Colombia
76%
British Zone in the Adriatic (1918-1921), Vis (1811-1815), Dubrovnik (1814), Zadar (1813), Pula (1947-1954), Korcula (1813-1814) Croatia
76%
Port Clarence (1827-1843) Equatorial Guinea
76%
Protectorate (1894-1899, 1903-1968) Eswatini/Swaziland
76%
Bight of Bonny Colony (1807-1867) Gabon
76%
Iles de Los (1755-1904) Guinea
76%
Liberation (1917-1918), Spanish Netherlands (1706-1713) Luxembourg
76%
New Caledonia (Darien, 1689-1702), Porto Bello (1668, 1739) Panama
76%
Colony (1787-1961) Sierra Leone
76%
Sezana (1945-1947) Slovenia
76%
Fort James (1588-1965), The Gambia (1816-1965) The Gambia/Gambia
76%
Protectorate (1888-1941, 1945-1984) Brunei
73%
Dominica (1761-1978) Dominica
73%
Fiji Protectorate (1874-1970) Fiji
73%
Bonin Islands (1827-1875) Japan
73%
Mano River (1808-1911) Liberia
73%
Villahermosa (1599), Campeche (1663) Mexico
73%
Sazan Island (1815-1864) Albania
70%
Bondoukou (1887-1888, 1897) Cote D'Ivoire/Ivory Coast
70%
Camaguey (1667) Cuba
70%
Chinde Concession (1891-1923) Mozambique
70%
Manila (1762-1763), Cavite (1762-1763) Philippines
70%
Rio de Plata (1806) Uruguay
70%
Maracaibo (1668) Venezuela
70%
Barbados (1627-1966) Barbados
65%
Elizabeth Island (1578) Chile
65%
Matina (1747), Mosquito Coast (1638-1860) Costa Rica
65%
Malta (1800-1964) Malta
65%
Kotor (1814) Montenegro
65%
Occupation of Bulgaria (1918-1919) North Macedonia
65%
Geomundo (1885-1887) South Korea
65%
St Lucia (1762-1763, 1778-1783, 1794-1795, 1814-1979) St Lucia
65%
St Vincent and the Grenadines (1762-1779, 1783-1979) St Vincent and the Grenadines/St Vincent
65%
New Hebrides (1906-1980) Vanuatu
65%
Palau (Claimed, 1784-1885) Palau
62%
Madeira (1801-1802, 1807-1814) Portugal
62%
Samoa (1914-1947) Samoa
62%
Protectorate (1893-1978) Solomon Islands
62%
St Kitts (1623-1629, 1630-1983), Nevis (1620-1983) St Kitts and Nevis/St Kitts
62%
Gilbert and Ellice Islands (1892-1976) Tuvalu
62%
Faroe Islands (1940-1945), Anholt (1809-1811) Denmark
59%
Gilbert and Ellice Islands (1892-1942,1945-1976), Banaba (1900-1942, 1945-1976), Phoenix Islands (1937-1976), Canton and Enderbury Islands (1939-1976), Line Islands (1916-1976) Kiribati
59%
Nauru (1945-1968) Nauru
59%
Colony (1819-1941, 1945-1957) Singapore
59%
Protectorate (1900-1970) Tonga
59%
Trinidad and Tobago (1797-1962) Trindad and Tobago/Trinidad
59%
Fort William (1684-1812) Benin
57%
Hano (1810-1812) Sweden
57%
Antigua (1632-1981), Barbuda (1625-1981), Redonda (1869-1981) Antigua and Barbuda/Antigua
54%
Grenada (1762-1974) Grenada
54%
French Comoros (1942-1946) Comoros
51%
Bolama (1792-1870) Guinea Bissau
51%
Maldives (1796-1966) Maldives
51%
Seychelles (1810-1976) Seychelles
51%
Cape Verde (1578) Cape Verde
49%
Mauritius (1810-1968) Mauritius
49%
Arguin (1665) Mauritania
46%
San Marino (1944-1945) San Marino
46%
Treaty Ports (1858-1945) Taiwan
46%
No matching quizzes found
Score Distribution
Percent of People with Each Score
Percentile by Number Answered
Your Score History
You have not taken this quiz